[Event "Bogota Intercolegiados 30th"]
[Site "Bogota"]
[Date "2009.10.01"]
[Round "5.3"]
[White "Hernandez, Cristian Andres"]
[Black "Valencia Zuluaga, Andres Felipe"]
[Result "1-0"]
[WhiteElo "1909"]
[BlackElo "1958"]
[PlyCount "59"]
[EventDate "2009.09.29"]
[EventType "swiss"]
[EventRounds "5"]
[EventCountry "COL"]
[SourceTitle "EXT 2024"]
[Source "ChessBase"]
[SourceDate "2023.10.10"]
[SourceVersion "1"]
[SourceVersionDate "2023.10.10"]
[SourceQuality "1"]

1. d4 d5 2. Nf3 e6 3. c4 Nf6 4. Nc3 Nbd7 5. Bf4 c6 6. e3 Qa5 7. Qc2 Ne4 8. Bd3 g5 9. Bg3 Nxg3 10. hxg3 g4 11. Nd2 h5 12. e4 Bb4 13. exd5 Bxc3 14. bxc3 exd5 15. Nb3 Qc7 16. cxd5 cxd5 17. 0-0-0 Nb6 18. Rde1+ Be6 19. Bb5+ Ke7 20. Nc5 a6 21. Bd3 Kd6 22. Qd2 Rac8 23. Qf4+ Ke7 24. Qg5+ Kd6 25. Qf6 Qe7 26. Qf4+ Kc6 27. Bf5 Qd6 28. Qxd6+ Kxd6 29. Bxe6 fxe6 30. Rxe6+ 1-0